| 000 | 006360000a22001090004500 | ||
|---|---|---|---|
| 100 | 1 | _aJunca, Humberto | |
| 245 | 1 | 0 | _aAcciones devastadoras : VI Festival de performance de Cali |
| 300 | _aVol.0, núm.7 (Abril, 2006), Páginas 24-25 | ||
| 520 | _aUnos trabajadores sostienen un muro a punto de caerse. Una mujer organiza en público sus pertenencias. Un hombre mete tubos con gas a una sinagoga. Todos son performances, un género artístico con alto contenido político que busca sublevar al espectador. El 25 de abril comienza en Cali el Festival de Performance. | ||
| 773 | 0 | _tArcadia / Andrés Felipe Solano, Editor | |
| 942 | _cANA | ||
| 999 |
_c61770 _d61770 |
||